[Event "BEL-ch op"]
[Site "Niel"]
[Date "2017.07.03"]
[Round "3"]
[White "Bosmans, Mark"]
[Black "Marmenout, Sylvain"]
[Result "1-0"]
[WhiteElo "1539"]
[BlackElo "1460"]
[PlyCount "111"]
[EventDate "2017.07.01"]
[EventType "swiss"]
[EventRounds "9"]
[EventCountry "BEL"]
[SourceTitle "EXT 2018"]
[Source "ChessBase"]
[SourceDate "2017.10.13"]
[SourceVersion "1"]
[SourceVersionDate "2017.10.13"]
[SourceQuality "1"]

1. e4 e5 2. Nf3 Nc6 3. Bb5 a6 4. Ba4 Bc5 5. 0-0 Nf6 6. d3 h6 7. Bxc6 dxc6 8. Nxe5 Qd4 9. Nf3 Qd8 10. d4 Ba7 11. e5 Nd5 12. c4 Ne7 13. Be3 0-0 14. Nbd2 Nf5 15. Nb3 Nxe3 16. fxe3 b6 17. Qd3 Be6 18. Rad1 Qc8 19. e4 a5 20. d5 cxd5 21. exd5 Bf5 22. Qc3 a4 23. Nbd4 Bd7 24. Kh1 c5 25. Nc2 Bf5 26. Ne3 Bh7 27. d6 Qe6 28. Nd5 Qd7 29. Nc7 Rad8 30. Nb5 Bb8 31. Qa3 Be4 32. Qxa4 Bc6 33. Qb3 Qg4 34. Nc3 Ba7 35. Nd5 Bxd5 36. Rxd5 Rd7 37. Qd1 Qxc4 38. b3 Qa6 39. Rd2 b5 40. Re1 Re8 41. a4 bxa4 42. bxa4 Re6 43. Rb2 Qc8 44. Qc2 f6 45. Qc4 Rf7 46. Qd5 Qe8 47. Rd1 Qd7 48. h3 f5 49. Rb7 Qxb7 50. Qxe6 Qd7 51. Qxd7 Rxd7 52. e6 Rd8 53. e7 Re8 54. d7 Rxe7 55. d8Q+ Kf7 56. Rd7 1-0

[Event "Brasschaat op 15th"]
[Site "Brasschaat"]
[Date "2015.08.15"]
[Round "1"]
[White "Van der Stricht, Jan"]
[Black "Bosmans, Mark"]
[Result "1-0"]
[WhiteElo "1859"]
[BlackElo "1484"]
[PlyCount "75"]
[EventDate "2015.08.15"]
[EventType "swiss"]
[EventRounds "9"]
[EventCountry "BEL"]
[SourceTitle "EXT 2016"]
[Source "ChessBase"]
[SourceDate "2015.10.08"]
[SourceVersion "1"]
[SourceVersionDate "2015.10.08"]
[SourceQuality "1"]

1. Nf3 d5 2. c4 d4 3. e3 Nc6 4. b4 dxe3 5. fxe3 Bg4 6. Be2 e6 7. b5 Nb8 8. 0-0 Nf6 9. d4 Be7 10. Nbd2 0-0 11. a4 c5 12. Bb2 Nbd7 13. Nb3 Qc7 14. Bd3 Rad8 15. Qc2 Bh5 16. e4 Bg6 17. d5 exd5 18. exd5 Bxd3 19. Qxd3 Bd6 20. Rae1 Rfe8 21. Nbd2 b6 22. Ne4 Nxe4 23. Rxe4 Ne5 24. Nxe5 Bxe5 25. Bxe5 Rxe5 26. Rfe1 Rxe4 27. Qxe4 g6 28. Qe7 Rd7 29. Qe8+ Kg7 30. Qe5+ Qxe5 31. Rxe5 Kf6 32. Re8 h5 33. Kf2 Kf5 34. Kf3 g5 35. h3 Kf6 36. Ke4 Kg6 37. Ke5 Kg7 38. d6 1-0